00500nam a22001697a 450000500170000001000170001702000250003403500170005903700150007608200060009110000180009724500440011526000310015927000980019030000320028849000100032020111228110753.0 aB-470847-857 a9788128628924c40.00 aB-470847-857 bBlue Berry aS aBlyton, Enid  aNoddy tidies toyland /cby Enid Blyton aMumbai bEuro Books c2011 aDani Corporat e Park, First Floor, 158, Vidyanagari Marg, Kalina, SantacruzbMumbaie400098 aunpages bill.c20cm(pbk)  aNody